000
00295nam a2200109Ia 4500
008
200302s9999 xx 000 0 und d
100
_a
Stanley Abercrobie & Other
245
_a
Hospitality & Restaurant Design
260
_b
Visual Reference Publication, Inc.,
260
_c
1999
300
_a
206 P.,
999
_c
1602
_d
1602